Name The Taylor Swift Song By Lyric - Statistics

General Stats
  • This quiz has been taken 3,658 times
  • The average score is 11 of 14
Answer Stats
Lyric Song % Correct
You'll be the prince and I'll be the princess it's a love story baby just say yes Love Story
97%
Screaming, crying, perfect storm, I can make all the tables turn Blank Space
95%
If you can see that I'm the one who understands you You Belong With Me
92%
When you said you needed space. what? We Are Never Ever Getting Back Together
89%
Love like that, you like live with ghosts Bad Blood
85%
Yeah, someday I'll be big enough so you can't hit me Mean
83%
I'm lightning on my feet Shake It Off
83%
Touching him was like realizing everything you ever wanted was right there in front of you Red
82%
And the story of us looks a lot like a tragedy now The Story Of Us
81%
What you heard is true, but I can't stop thinking 'bout you tonight I said I've been there too a few times Style
75%
I want you for worse or for better How You Get The Girl
55%
So here I am in my new apartment in a big city, they just dropped me off Never Grow Up
49%
Had me in the palm of your hand All You Had To Do Was Stay
47%
When all you wanted was to be wanted Fifteen
44%
No matching quizzes found
Score Distribution
Percent of People with Each Score
Percentile by Number Answered
Your Score History
You have not taken this quiz